[Event "IX Festival A"]
[Site "Campobasso ITA"]
[Date "2002.07.12"]
[Round "1"]
[White "Gaoni, Vincenzo"]
[Black "Cacco, Christian"]
[Result "0-1"]
[WhiteElo "1755"]
[BlackElo "2248"]
[PlyCount "74"]
[EventDate "2002.07.12"]

1. e4 c5 2. Nf3 Nc6 3. Bb5 e6 4. Bxc6 bxc6 5. d3 d6 6. O-O e5 7. h3 Be7 8. c3
Nf6 9. Re1 O-O 10. d4 cxd4 11. cxd4 Nd7 12. Nc3 Bf6 13. Be3 Nb6 14. dxe5 Bxe5
15. Nxe5 dxe5 16. Qc2 Be6 17. Red1 Qe7 18. Na4 Nxa4 19. Qxa4 c5 20. Rac1 Rfc8
21. b3 Rc7 22. Qa5 Rac8 23. Bxc5 Qh4 24. Be3 Rxc1 25. Bxc1 h6 26. Qxe5 Rc2 27.
Be3 Rxa2 28. Bxa7 Qg5 29. Qb8+ Kh7 30. Be3 Qg6 31. Kh2 Qxe4 32. Rd4 Qb1 33. b4
Ra1 34. Qf4 Qh1+ 35. Kg3 Rg1 36. Qe4+ g6 37. Rd8 Qxh3+ 0-1

[Event "IX Festival A"]
[Site "Campobasso ITA"]
[Date "2002.07.12"]
[Round "1"]
[White "Gardon, Ermanno"]
[Black "Lettieri, Giuseppe"]
[Result "1-0"]
[WhiteElo "2108"]
[BlackElo "1711"]
[PlyCount "117"]
[EventDate "2002.07.12"]

1. e4 c5 2. Nf3 d6 3. d4 cxd4 4. Nxd4 Nf6 5. Nc3 a6 6. f4 Nc6 7. Nxc6 bxc6 8.
e5 Bg4 9. Be2 Bxe2 10. Qxe2 Nd5 11. Qc4 Qc8 12. Nxd5 cxd5 13. Qxd5 e6 14. Qf3
d5 15. c3 Bc5 16. Be3 Rb8 17. Rb1 Ba3 18. Bc1 O-O 19. O-O Qc4 20. b3 Qc5+ 21.
Kh1 a5 22. Qd3 Rfc8 23. Rd1 Bxc1 24. Rbxc1 a4 25. Qc2 g6 26. h3 Rc7 27. Rd3 Qa3
28. Rb1 Rbc8 29. Qd2 axb3 30. axb3 Qa5 31. b4 Qa3 32. c4 Qa4 33. c5 Qb5 34. Ra1
Rb8 35. Rd4 Rc6 36. Qa2 Rcc8 37. Qa6 Rc6 38. Qxb5 Rxb5 39. Kg1 Rb7 40. Ra4 f6
41. exf6 Kf7 42. Kf2 Kxf6 43. Ra8 Rd7 44. Ke3 e5 45. fxe5+ Kxe5 46. Re8+ Re6
47. Rxe6+ Kxe6 48. b5 Rc7 49. c6 Kd6 50. Rb4 Kc5 51. Rb2 Re7+ 52. Kd3 Kb6 53.
Kd4 Re1 54. Kxd5 Rd1+ 55. Ke6 g5 56. Rc2 Rd8 57. c7 Rc8 58. Kd7 Kb7 59. b6 1-0

[Event "IX Festival A"]
[Site "Campobasso ITA"]
[Date "2002.07.12"]
[Round "1"]
[White "Gerardi, Saverio"]
[Black "Bove, Raffaele"]
[Result "1-0"]
[WhiteElo "2146"]
[BlackElo "1720"]
[PlyCount "77"]
[EventDate "2002.07.12"]

1. e4 c5 2. Nf3 d6 3. d4 cxd4 4. Nxd4 Nf6 5. Nc3 a6 6. a4 e5 7. Nb3 Be6 8. Be2
Be7 9. Be3 O-O 10. a5 Nbd7 11. O-O Rc8 12. f4 Bc4 13. f5 Rc6 14. g4 h6 15. Kh1
Qc8 16. Rg1 Bxe2 17. Qxe2 Rxc3 18. bxc3 Nxe4 19. Qg2 d5 20. Nd2 Ndc5 21. c4
Nxd2 22. Bxd2 Ne4 23. cxd5 Qxc2 24. Rgd1 Bc5 25. Be1 Qxg2+ 26. Kxg2 Rd8 27. Bh4
Rd7 28. Kf3 Nc3 29. Rdc1 Bd4 30. Bf2 Rxd5 31. Bxd4 exd4 32. Ra3 Rb5 33. Rc2 Re5
34. Rb3 Rxa5 35. Rxb7 Rd5 36. Rd2 a5 37. Rb8+ Kh7 38. Rc8 Re5 39. Rxd4 1-0

[Event "IX Festival A"]
[Site "Campobasso ITA"]
[Date "2002.07.12"]
[Round "1"]
[White "Grimaldi, Pasquale"]
[Black "Sacchini, Marco"]
[Result "1/2-1/2"]
[WhiteElo "1702"]
[BlackElo "2047"]
[PlyCount "138"]
[EventDate "2002.07.12"]

1. Nf3 g6 2. d4 Bg7 3. e4 d6 4. h3 Nf6 5. Bd3 O-O 6. O-O c6 7. c3 Qc7 8. Re1 e5
9. Be3 Nbd7 10. Qc1 Re8 11. Bh6 Nf8 12. Bxg7 Kxg7 13. Nbd2 Nh5 14. Nf1 Nf4 15.
Bc2 f6 16. Ng3 a5 17. a4 Be6 18. Ne2 Nxe2+ 19. Rxe2 g5 20. Qe3 Ng6 21. Rd2 h6
22. d5 Bf7 23. Rad1 c5 24. g3 Ne7 25. Rb1 Rab8 26. b4 b6 27. b5 Bg6 28. Ne1 f5
29. f3 f4 30. gxf4 gxf4 31. Qf2 Kh7 32. Kh2 Rg8 33. Ng2 Rg7 34. Rg1 Rbg8 35.
Ne1 Bh5 36. Rxg7+ Rxg7 37. Qh4 Rg5 38. Rg2 Ng6 39. Qf2 Qe7 40. Rxg5 hxg5 41.
Ng2 Qf6 42. Bd1 Kg7 43. Be2 Kf7 44. Bf1 Ke7 45. Be2 Kd7 46. c4 Qh8 47. Ne1 Ne7
48. Qg1 Qh6 49. Nd3 Be8 50. Nf2 Kd8 51. Ng4 Qh8 52. Nf2 Qh5 53. Ng4 Bd7 54. Qf2
Qh8 55. Bf1 Ng8 56. Qg2 Qh4 57. Qf2 Qh7 58. Qg2 Qh5 59. Be2 Ke7 60. Bf1 Kf7 61.
Be2 Kg6 62. Bf1 Qh4 63. Qf2 Qxf2+ 64. Nxf2 Nf6 65. Ng4 Nh5 66. Kg2 Ng3 67. Kf2
Kg7 68. Kg2 Be8 69. Bd3 Bf7 1/2-1/2

[Event "IX Festival A"]
[Site "Campobasso ITA"]
[Date "2002.07.12"]
[Round "1"]
[White "Kasparov, Sergey"]
[Black "Decataldo, Alba"]
[Result "1-0"]
[WhiteElo "2462"]
[BlackElo "1899"]
[PlyCount "53"]
[EventDate "2002.07.12"]

1. d4 d5 2. c4 Nc6 3. Nf3 Bg4 4. cxd5 Qxd5 5. Nc3 Qd8 6. d5 Bxf3 7. gxf3 Ne5 8.
f4 Nd7 9. Bg2 Ngf6 10. e4 Nb6 11. e5 Nfd7 12. Be3 g6 13. Qd3 Bg7 14. h4 O-O 15.
O-O-O e6 16. dxe6 fxe6 17. h5 g5 18. h6 Bh8 19. Bxb7 Rb8 20. Bc6 Nxe5 21. Qxd8
Rbxd8 22. Rxd8 Rxd8 23. fxe5 Bxe5 24. Rg1 Kh8 25. Rxg5 Bf6 26. Rg4 Rg8 27.
Rxg8+ 1-0

[Event "IX Festival A"]
[Site "Campobasso ITA"]
[Date "2002.07.12"]
[Round "1"]
[White "Lorusso, Giuseppe"]
[Black "Shytaj, Carlo"]
[Result "0-1"]
[WhiteElo "1708"]
[BlackElo "2112"]
[PlyCount "33"]
[EventDate "2002.07.12"]

1. b4 Nf6 2. Bb2 e6 3. a3 b6 4. e3 c5 5. bxc5 bxc5 6. Nf3 Qb6 7. Qc1 Nc6 8. Nc3
d5 9. Bb5 Bd6 10. O-O O-O 11. Rb1 a6 12. Ba4 Qc7 13. Ne2 Ne7 14. c4 e5 15. cxd5
Nexd5 16. d4 exd4 17. exd4 0-1

[Event "IX Festival A"]
[Site "Campobasso ITA"]
[Date "2002.07.12"]
[Round "1"]
[White "Lorusso, Lucio"]
[Black "Zaja, Ivan"]
[Result "0-1"]
[WhiteElo "1902"]
[BlackElo "2459"]
[PlyCount "42"]
[EventDate "2002.07.12"]

1. e4 e6 2. d4 d5 3. exd5 exd5 4. Nf3 Nc6 5. c3 Bd6 6. Bg5 f6 7. Be3 Nge7 8.
Nh4 Be6 9. Be2 Qd7 10. Qc2 O-O-O 11. Nd2 g5 12. Nhf3 Nf5 13. O-O-O Rhe8 14. Nf1
Bf7 15. g3 Nce7 16. N3d2 h5 17. c4 Nc6 18. Nb3 Nb4 19. Qd2 Bg6 20. Re1 Nxa2+
21. Kd1 Qa4 0-1

[Event "IX Festival A"]
[Site "Campobasso ITA"]
[Date "2002.07.12"]
[Round "1"]
[White "Mrdja, Milan"]
[Black "Rossetti, Giovanni"]
[Result "1-0"]
[WhiteElo "2370"]
[BlackElo "1827"]
[PlyCount "87"]
[EventDate "2002.07.12"]

1. e4 c5 2. Nf3 Nc6 3. d4 cxd4 4. Nxd4 d6 5. Nc3 a6 6. Be3 Nf6 7. f3 Qc7 8. Qd2
e6 9. O-O-O Be7 10. g4 b5 11. Nxc6 Qxc6 12. Kb1 Bb7 13. h4 O-O 14. Bg5 Rfd8 15.
Bd3 Rac8 16. h5 Qc7 17. Bf4 Nd7 18. g5 Ne5 19. Qg2 Qa5 20. Ne2 Rd7 21. g6 f5
22. Bxe5 dxe5 23. h6 Bf6 24. hxg7 Rxg7 25. Rxh7 Rxh7 26. gxh7+ Kh8 27. Rg1 Qd8
28. Qg6 Qf8 29. Qh5 Bg7 30. exf5 exf5 31. Bxf5 Rd8 32. Be4 Bc8 33. Qg6 Rd6 34.
Qg3 Rf6 35. a3 Bf5 36. Nc3 Bxe4 37. fxe4 Rf1+ 38. Rxf1 Qxf1+ 39. Ka2 Kxh7 40.
Qd3 Qf7+ 41. Nd5 Qe6 42. c4 bxc4 43. Qxc4 Kg6 44. Nf4+ 1-0

[Event "IX Festival A"]
[Site "Campobasso ITA"]
[Date "2002.07.12"]
[Round "1"]
[White "Orfali, Marcelo Rafael"]
[Black "Scalcione, Michelangelo"]
[Result "0-1"]
[WhiteElo "1800"]
[BlackElo "2368"]
[PlyCount "106"]
[EventDate "2002.07.12"]

1. Nf3 Nf6 2. d4 g6 3. c4 Bg7 4. Nc3 O-O 5. e4 d6 6. Be2 e5 7. O-O Nc6 8. d5
Ne7 9. Ne1 Ne8 10. Be3 f5 11. f3 f4 12. Bf2 h5 13. Rc1 g5 14. b4 Ng6 15. c5 Rf7
16. Nd3 Bf8 17. a4 Rg7 18. Nb5 a6 19. Na3 Nh4 20. h3 g4 21. fxg4 hxg4 22. Bxg4
Bxg4 23. hxg4 Qg5 24. cxd6 cxd6 25. Bxh4 Qxh4 26. Nf2 Nf6 27. Qf3 Rd8 28. Rc3
Rdd7 29. Rfc1 Nxg4 30. Nxg4 Rxg4 31. Qh3 Qxh3 32. Rxh3 Rdg7 33. Rc2 Rg3 34. Kh2
Be7 35. Nc4 b5 36. axb5 axb5 37. Na3 Rxh3+ 38. gxh3 Bh4 39. Nxb5 f3 40. Nxd6 f2
41. Rc1 Bg3+ 42. Kh1 Bf4 43. Rf1 Be3 44. Kh2 Rg1 45. Rxf2 Bxf2 46. Nf5 Rb1 47.
Kg2 Bb6 48. Ne7+ Kf7 49. Nc6 Kf6 50. h4 Rb3 51. h5 Bc7 52. Kf2 Bd6 53. h6 Rh3
0-1

[Event "IX Festival A"]
[Site "Campobasso ITA"]
[Date "2002.07.12"]
[Round "1"]
[White "Parrotta, Daniele"]
[Black "Ljubisavljevic, Zivojin Z."]
[Result "1/2-1/2"]
[WhiteElo "1768"]
[BlackElo "2275"]
[PlyCount "72"]
[EventDate "2002.07.12"]

1. e4 e6 2. d4 d5 3. Nd2 Nf6 4. e5 Nfd7 5. f4 c5 6. c3 Nc6 7. Ndf3 Qa5 8. Kf2
Be7 9. g3 b6 10. a3 b5 11. Be3 Qb6 12. Bd3 h6 13. Ne2 b4 14. axb4 cxb4 15. c4
dxc4 16. Bxc4 Na5 17. Bd3 Bb7 18. Qa4 Qc6 19. Qxc6 Nxc6 20. Rhc1 Nb6 21. Bb5
Kd7 22. d5 Nxd5 23. Rxa7 Rxa7 24. Bxa7 Ra8 25. Bc5 Ra5 26. Nfd4 Bxc5 27. Rxc5
Nde7 28. Rc2 Ra1 29. Nc1 Kc7 30. Ncb3 Rh1 31. Kg2 Rd1 32. Be2 Re1 33. Na5 Kb6
34. Nc4+ Ka7 35. Nb5+ Kb8 36. Bf3 Nf5 1/2-1/2

[Event "IX Festival A"]
[Site "Campobasso ITA"]
[Date "2002.07.12"]
[Round "1"]
[White "Passerotti, Pierluigi"]
[Black "Ragnoni, Alessandro"]
[Result "1-0"]
[WhiteElo "2284"]
[BlackElo "1756"]
[PlyCount "57"]
[EventDate "2002.07.12"]

1. d4 Nf6 2. c4 g6 3. f3 d6 4. e4 Bg7 5. Bd3 Nc6 6. Ne2 e5 7. d5 Ne7 8. Be3 Bd7
9. Qd2 h5 10. Nbc3 c6 11. O-O-O c5 12. Kb1 a6 13. h3 Nh7 14. g4 h4 15. a3 Rb8
16. b4 b5 17. cxb5 axb5 18. bxc5 b4 19. axb4 Rxb4+ 20. Kc2 dxc5 21. Bxc5 Rb7
22. Rb1 Rxb1 23. Rxb1 f5 24. d6 Qc8 25. Qe3 f4 26. Qf2 Ng8 27. Nd5 Ba4+ 28. Kd2
Ng5 29. Nc7+ 1-0

[Event "IX Festival A"]
[Site "Campobasso ITA"]
[Date "2002.07.12"]
[Round "1"]
[White "Petruccioli, Antonio"]
[Black "Piro, Valerio"]
[Result "1/2-1/2"]
[WhiteElo "2078"]
[BlackElo "1705"]
[PlyCount "85"]
[EventDate "2002.07.12"]

1. e4 c5 2. Nf3 Nc6 3. Bb5 a6 4. Bxc6 bxc6 5. O-O d5 6. Nc3 Bg4 7. h3 Bxf3 8.
Qxf3 e6 9. d3 Nf6 10. b3 Be7 11. e5 Nd7 12. Qg3 g6 13. Bb2 Bh4 14. Qf4 Bg5 15.
Qa4 Qc7 16. Qg4 Be7 17. f4 h5 18. Qg3 h4 19. Qf3 Rh5 20. Nd1 Nb6 21. c4 Kd7 22.
Ne3 d4 23. Ng4 a5 24. a4 Rah8 25. Ba3 Rf5 26. Qe2 Kc8 27. Rf3 Na8 28. Nf2 Qb6
29. Ne4 Rfh5 30. Rff1 Nc7 31. Ng5 Rf8 32. Nf3 Na6 33. Nxd4 Rd8 34. Nf3 Qxb3 35.
d4 Nb4 36. Bxb4 cxb4 37. Rfd1 g5 38. c5 gxf4 39. Qa6+ Kd7 40. Qb7+ Ke8 41.
Qxc6+ Kf8 42. Rf1 Qe3+ 43. Kh1 1/2-1/2

[Event "IX Festival A"]
[Site "Campobasso ITA"]
[Date "2002.07.12"]
[Round "1"]
[White "Piscopo, Pierluigi"]
[Black "Stromboli, Ettore"]
[Result "0-1"]
[WhiteElo "2289"]
[BlackElo "1771"]
[PlyCount "76"]
[EventDate "2002.07.12"]

1. e4 e6 2. d4 d5 3. Nc3 dxe4 4. Nxe4 Nd7 5. Nf3 Ngf6 6. Nxf6+ Nxf6 7. c3 c5 8.
Ne5 a6 9. Bg5 cxd4 10. Qa4+ Bd7 11. Qxd4 h6 12. Bxf6 gxf6 13. Nxd7 Qxd7 14.
Qxf6 Rd8 15. Qf4 Be7 16. h4 Rg8 17. Be2 Rxg2 18. Rd1 Qc8 19. Rxd8+ Bxd8 20.
Qxh6 Qc6 21. Rh3 Qb6 22. Qh8+ Ke7 23. Rf3 Rg1+ 24. Bf1 f5 25. Rd3 Qa5 26. b4
Qc7 27. h5 e5 28. Qh7+ Ke6 29. Qxc7 Bxc7 30. Rh3 e4 31. h6 Be5 32. h7 Bh8 33.
Ke2 f4 34. Rh6+ Kf5 35. Bh3+ Kg5 36. Rb6 Rh1 37. Bc8 Bxc3 38. Rxb7 f3+ 0-1

[Event "IX Festival A"]
[Site "Campobasso ITA"]
[Date "2002.07.12"]
[Round "1"]
[White "Rossi, Aldo A."]
[Black "Ficco, Corrado"]
[Result "1/2-1/2"]
[WhiteElo "1713"]
[BlackElo "2124"]
[PlyCount "69"]
[EventDate "2002.07.12"]

1. d4 Nf6 2. Nf3 g6 3. Bg5 Ne4 4. Bh4 Bg7 5. Nbd2 d5 6. c3 O-O 7. e3 c5 8. Nxe4
dxe4 9. Nd2 cxd4 10. cxd4 f5 11. Qb3+ Kh8 12. Bc4 Nc6 13. Qa3 h6 14. d5 g5 15.
dxc6 gxh4 16. cxb7 Bxb7 17. g3 h3 18. O-O-O Qc7 19. Kb1 Rab8 20. Bb3 Bd5 21.
Rc1 Qb7 22. Rc2 Rfd8 23. Qa5 Bxb3 24. Nxb3 Rd5 25. Rc5 Rbd8 26. Rhc1 R8d7 27.
Rxd5 Rxd5 28. Rc5 Rd1+ 29. Rc1 Qd7 30. Qc5 e6 31. Nd4 Rxc1+ 32. Kxc1 Qa4 33.
Nxe6 Qxa2 34. Nxg7 Kxg7 35. Kc2 1/2-1/2

[Event "IX Festival A"]
[Site "Campobasso ITA"]
[Date "2002.07.12"]
[Round "1"]
[White "Santurbano, Maria Vincenza"]
[Black "Gagliardi, Pietro"]
[Result "0-1"]
[WhiteElo "1743"]
[BlackElo "2205"]
[PlyCount "68"]
[EventDate "2002.07.12"]

1. d4 Nf6 2. c4 c5 3. d5 d6 4. Nc3 g6 5. e4 Bg7 6. Be2 O-O 7. Nf3 e6 8. O-O
exd5 9. cxd5 Re8 10. Qc2 a6 11. a4 Bg4 12. Nd2 Bxe2 13. Nxe2 Nbd7 14. Nc3 h6
15. Nc4 Nb6 16. Ne3 Nh7 17. Bd2 Nd7 18. Ne2 b5 19. f4 Qe7 20. Ng3 h5 21. f5 h4
22. fxg6 fxg6 23. Ne2 bxa4 24. Rf4 Ne5 25. Rxa4 Rf8 26. Rxf8+ Rxf8 27. Rxa6 Qf6
28. Qd1 Qf2+ 29. Kh1 h3 30. Ra1 Bh6 31. Qf1 Bxe3 32. Qxf2 Rxf2 33. Ra8+ Kg7 34.
Ra7+ Nf7 0-1

[Event "IX Festival A"]
[Site "Campobasso ITA"]
[Date "2002.07.12"]
[Round "1"]
[White "Shytaj, Luca"]
[Black "Di Giulio, Massimo"]
[Result "1-0"]
[WhiteElo "2216"]
[BlackElo "1651"]
[PlyCount "66"]
[EventDate "2002.07.12"]

1. e4 c5 2. Nf3 d6 3. d4 cxd4 4. Nxd4 Nf6 5. Nc3 g6 6. Be2 Bg7 7. Be3 Nc6 8. f3
O-O 9. Qd2 Nxd4 10. Bxd4 Be6 11. h4 Qa5 12. h5 Rac8 13. g4 Bc4 14. h6 Bh8 15.
g5 Nh5 16. Bxh8 Kxh8 17. Qd4+ Qe5 18. Qxe5+ dxe5 19. Bxc4 Rxc4 20. O-O-O Rd4
21. Ne2 Rdd8 22. c4 f6 23. Rhg1 Kg8 24. gxf6 exf6 25. Rd5 Kf7 26. Rgd1 Ke7 27.
b4 Nf4 28. Nxf4 exf4 29. c5 g5 30. b5 Rg8 31. a4 Rxd5 32. exd5 Rg6 33. d6+ Kd7
1-0

[Event "IX Festival A"]
[Site "Campobasso ITA"]
[Date "2002.07.12"]
[Round "1"]
[White "Stromboli, Carlo"]
[Black "Genocchio, Daniele"]
[Result "1/2-1/2"]
[WhiteElo "1846"]
[BlackElo "2372"]
[PlyCount "113"]
[EventDate "2002.07.12"]

1. e4 e5 2. Nf3 Nc6 3. d4 exd4 4. Bc4 Nf6 5. e5 Ng4 6. O-O d6 7. e6 Bxe6 8.
Bxe6 fxe6 9. Ng5 Nf6 10. Nxe6 Qd7 11. Re1 Ne5 12. Nxf8 Kxf8 13. Qxd4 Re8 14.
Be3 Nc6 15. Qa4 Re4 16. Qa3 Nd4 17. Nd2 Nxc2 18. Qd3 Rxe3 19. Qxc2 Rxe1+ 20.
Rxe1 c6 21. Nf3 Rg8 22. Ng5 h6 23. Ne6+ Kf7 24. Qb3 d5 25. Nc5 Re8 26. Rxe8
Qxe8 27. Qxb7+ Qe7 28. f3 Qxb7 29. Nxb7 Ke6 30. Kf2 Nd7 31. Ke3 c5 32. Na5 Ne5
33. h3 g5 34. g3 Kf5 35. Nb3 d4+ 36. Ke2 Nd7 37. Nd2 Ke5 38. Kd3 Kd5 39. b3 Nf6
40. a3 Nd7 41. Nc4 h5 42. Nd2 h4 43. gxh4 Ne5+ 44. Ke2 gxh4 45. f4 Nd7 46. Kd3
Nf8 47. Ke2 Nd7 48. Kd3 Nf6 49. Nf3 Nh5 50. f5 Nf4+ 51. Kd2 Nxh3 52. f6 Ke6 53.
Nxh4 Nf4 54. Nf3 d3 55. f7 Kxf7 56. Ne5+ Ke6 57. Nxd3 1/2-1/2

[Event "IX Festival A"]
[Site "Campobasso ITA"]
[Date "2002.07.12"]
[Round "2"]
[White "Bove, Raffaele"]
[Black "Orfali, Marcelo Rafael"]
[Result "0-1"]
[WhiteElo "1720"]
[BlackElo "1800"]
[PlyCount "80"]
[EventDate "2002.07.12"]

1. e4 d5 2. exd5 Nf6 3. d4 Nxd5 4. c4 Nb6 5. Nc3 g6 6. Bf4 Bg7 7. Be5 f6 8. Bg3
O-O 9. Nf3 Bg4 10. c5 Nd5 11. Qb3 c6 12. Bc4 Kh8 13. Nxd5 cxd5 14. Bxd5 Nc6 15.
Bxc6 bxc6 16. Rd1 Qa5+ 17. Qc3 Qxa2 18. O-O Qd5 19. Rfe1 Rfe8 20. Rd3 Rad8 21.
h3 Bxf3 22. gxf3 Qf5 23. Kg2 Rd5 24. Rde3 Qd7 25. Re6 h5 26. Qe3 Rxd4 27. Rxe7
Rxe7 28. Qxe7 Qd5 29. Qxa7 Rd3 30. Re8+ Kh7 31. Re7 Qxf3+ 32. Kh2 Rd1 33. Rxg7+
Kh6 34. Rh7+ Kg5 35. Rxh5+ Kxh5 36. Qh7+ Kg5 37. Qh4+ Kf5 38. Qg4+ Qxg4 39.
hxg4+ Kxg4 40. Kg2 Rb1 0-1

[Event "IX Festival A"]
[Site "Campobasso ITA"]
[Date "2002.07.12"]
[Round "2"]
[White "Cacco, Christian"]
[Black "Kasparov, Sergey"]
[Result "1/2-1/2"]
[WhiteElo "2248"]
[BlackElo "2462"]
[PlyCount "106"]
[EventDate "2002.07.12"]

1. d4 Nf6 2. Nf3 c5 3. c3 e6 4. Bg5 Qb6 5. Qb3 d5 6. Bxf6 gxf6 7. Nbd2 Nc6 8.
e3 Bd7 9. Be2 Be7 10. O-O O-O 11. dxc5 Bxc5 12. e4 dxe4 13. Nxe4 Be7 14. Rad1
Rfd8 15. Qc2 Qc7 16. Qc1 f5 17. Ng3 Ne5 18. Nh5 Nxf3+ 19. Bxf3 Bc6 20. Qh6 Qe5
21. Rde1 Qh8 22. Bxc6 bxc6 23. Re3 f4 24. Qxf4 Rd5 25. Rg3+ Kf8 26. Rf3 Qg8 27.
Nf6 Bxf6 28. Qxf6 Qg6 29. Qf4 Rad8 30. Qa4 R8d7 31. h4 c5 32. Re1 Ke7 33. Qf4
Qh5 34. Qe4 Qg6 35. b4 Qxe4 36. Rxe4 Rd2 37. a4 Rc2 38. bxc5 Rdd2 39. Rff4 Rxc3
40. Rb4 Rd7 41. Rb8 Rxc5 42. Rg8 h5 43. Rh8 Rdd5 44. Rb8 Rd7 45. Rh8 a5 46. Ra8
Rb7 47. g3 f5 48. Rh8 Rb4 49. Rxb4 axb4 50. Rb8 Rc1+ 51. Kg2 Rb1 52. a5 Ra1 53.
Rxb4 Rxa5 1/2-1/2

[Event "IX Festival A"]
[Site "Campobasso ITA"]
[Date "2002.07.12"]
[Round "2"]
[White "Decataldo, Alba"]
[Black "Gaoni, Vincenzo"]
[Result "1/2-1/2"]
[WhiteElo "1899"]
[BlackElo "1755"]
[PlyCount "93"]
[EventDate "2002.07.12"]

1. e4 c5 2. c3 d5 3. exd5 Qxd5 4. d4 Nf6 5. Nf3 Nc6 6. Be2 e6 7. O-O Be7 8. h3
cxd4 9. cxd4 O-O 10. Nc3 Qd6 11. Be3 Rd8 12. Rc1 Bd7 13. Nb5 Qb8 14. a3 Be8 15.
Qc2 a6 16. Nc3 Qc7 17. Ne4 Rac8 18. Nfg5 Nd5 19. Nc5 Bxg5 20. Bxg5 Nxd4 21.
Bxd8 Qxd8 22. Qe4 Nxe2+ 23. Qxe2 Bb5 24. Nxe6 Bxe2 25. Nxd8 Rxd8 26. Rfe1 Bb5
27. Red1 Bc6 28. b4 Re8 29. g3 g6 30. Re1 Rxe1+ 31. Rxe1 Kg7 32. Kh2 Kf6 33. g4
Nc3 34. Re3 Nb5 35. Kg3 Nd4 36. Kf4 Ne6+ 37. Kg3 h5 38. f4 h4+ 39. Kxh4 Nxf4
40. Kg3 Ne6 41. h4 Nd4 42. Kf4 Kg7 43. Rh3 Bd7 44. Rh2 Ne6+ 45. Kg3 Bc6 46. h5
gxh5 47. Rxh5 1/2-1/2

[Event "IX Festival A"]
[Site "Campobasso ITA"]
[Date "2002.07.12"]
[Round "2"]
[White "Di Giulio, Massimo"]
[Black "Lorusso, Lucio"]
[Result "1/2-1/2"]
[WhiteElo "1651"]
[BlackElo "1902"]
[PlyCount "43"]
[EventDate "2002.07.12"]

1. b3 d5 2. Bb2 c5 3. e3 Nc6 4. Bb5 Qd6 5. Nf3 Qg6 6. Na3 Nf6 7. Qe2 Bd7 8.
O-O-O Qxg2 9. Bxc6 bxc6 10. Rhg1 Qh3 11. Ne5 a5 12. Nxd7 Qxd7 13. d4 e6 14.
dxc5 Bxc5 15. Rxg7 Qe7 16. Nb1 a4 17. Rdg1 axb3 18. axb3 Kd7 19. Qf3 e5 20.
Qf5+ Kd6 21. R1g5 Rhe8 22. Qf3 1/2-1/2

[Event "IX Festival A"]
[Site "Campobasso ITA"]
[Date "2002.07.12"]
[Round "2"]
[White "Failli, Riccardo"]
[Black "Lorusso, Giuseppe"]
[Result "1-0"]
[WhiteElo "1780"]
[BlackElo "1708"]
[PlyCount "53"]
[EventDate "2002.07.12"]

1. e4 c5 2. Nf3 Nc6 3. d4 cxd4 4. Nxd4 Nf6 5. Nc3 d6 6. Bc4 e6 7. O-O Be7 8.
Kh1 O-O 9. f4 Qb6 10. Nf3 Rd8 11. Bb3 a6 12. a3 Qc7 13. Qe2 b5 14. e5 Nd7 15.
exd6 Bxd6 16. f5 Nc5 17. fxe6 Bxe6 18. Ng5 Bxb3 19. cxb3 f6 20. Nd5 Qb8 21.
Nxh7 Kxh7 22. Qh5+ Kg8 23. Nxf6+ gxf6 24. Qg6+ Kh8 25. Rf5 Bf4 26. Rh5+ Bh6 27.
Rxh6# 1-0

[Event "IX Festival A"]
[Site "Campobasso ITA"]
[Date "2002.07.12"]
[Round "2"]
[White "Ficco, Corrado"]
[Black "Grimaldi, Pasquale"]
[Result "1-0"]
[WhiteElo "2124"]
[BlackElo "1702"]
[PlyCount "51"]
[EventDate "2002.07.12"]

1. e4 e6 2. d4 d5 3. Nc3 dxe4 4. Nxe4 Nd7 5. Bd3 Ngf6 6. Qe2 Nxe4 7. Bxe4 Nf6
8. Bxb7 Bxb7 9. Qb5+ Nd7 10. Qxb7 c5 11. Nf3 Be7 12. O-O O-O 13. Bf4 cxd4 14.
Rfd1 Nc5 15. Qb5 a6 16. Qc4 Rc8 17. Nxd4 Qb6 18. Rab1 Rfd8 19. Be3 Bf6 20. Nb3
Rxd1+ 21. Rxd1 Be7 22. Bxc5 Bxc5 23. Nxc5 Rxc5 24. Qxa6 Qc7 25. Qa8+ Qc8 26.
Rd8+ 1-0

[Event "IX Festival A"]
[Site "Campobasso ITA"]
[Date "2002.07.12"]
[Round "2"]
[White "Gagliardi, Pietro"]
[Black "Mrdja, Milan"]
[Result "0-1"]
[WhiteElo "2205"]
[BlackElo "2370"]
[PlyCount "102"]
[EventDate "2002.07.12"]

1. e4 d6 2. d4 Nf6 3. Nd2 Nbd7 4. Ngf3 e5 5. c3 Be7 6. Bd3 O-O 7. O-O Re8 8.
dxe5 dxe5 9. Re1 c6 10. a4 a5 11. Nc4 Qc7 12. b3 Bf8 13. Ba3 Nc5 14. Bc2 Bg4
15. Ne3 Bh5 16. Nf5 Bg4 17. Ne3 h5 18. h3 Rad8 19. Qe2 Bxf3 20. Qxf3 Nd3 21.
Bxd3 Bxa3 22. Rxa3 Rxd3 23. Nd5 Rxf3 24. Nxc7 Rxc3 25. Nxe8 Nxe8 26. f3 Nc7 27.
Kf2 Ne6 28. Re3 Rc5 29. Ra2 Nd4 30. Rd3 Rc1 31. Rb2 c5 32. Ke3 Kf8 33. Kd2 Rg1
34. Kc3 Ke7 35. Rdd2 Kd6 36. Kc4 Kc6 37. Kd3 h4 38. Ke3 g5 39. Kf2 Rc1 40. Rd3
b5 41. axb5+ Kxb5 42. g3 Kb4 43. gxh4 gxh4 44. Ra2 Rh1 45. Kg2 Rb1 46. Ra4+ Kb5
47. Ra3 Nc2 48. Rxa5+ Kxa5 49. Rd7 Rxb3 50. Rxf7 Ne1+ 51. Kf2 Rxf3+ 0-1

[Event "IX Festival A"]
[Site "Campobasso ITA"]
[Date "2002.07.12"]
[Round "2"]
[White "Lettieri, Giuseppe"]
[Black "Cappai, Davide"]
[Result "1/2-1/2"]
[WhiteElo "1711"]
[BlackElo "1774"]
[PlyCount "115"]
[EventDate "2002.07.12"]

1. e4 c5 2. c3 d5 3. exd5 Qxd5 4. d4 Nc6 5. Nf3 Bg4 6. Be2 Nf6 7. O-O e6 8. Be3
cxd4 9. cxd4 Be7 10. Nc3 Qd7 11. Rc1 O-O 12. Qd2 Rfd8 13. Rfd1 Rac8 14. h3 Bf5
15. Bb5 Bd6 16. Bg5 Qe7 17. Bxc6 Rxc6 18. Nh4 Bg6 19. Nxg6 hxg6 20. Nb5 Rxc1
21. Qxc1 a6 22. Nc3 Qc7 23. Bxf6 gxf6 24. Ne4 Kg7 25. Qxc7 Bxc7 26. Nc5 Rd5 27.
Nb3 Kf8 28. Kf1 Bb6 29. Ke2 Ke7 30. f4 e5 31. dxe5 Rxd1 32. Kxd1 fxe5 33. fxe5
Ke6 34. Ke2 Kxe5 35. Kf3 Kd5 36. h4 Bd8 37. g3 Bf6 38. Ke3 Bxb2 39. Kd3 Bf6 40.
Nd2 b5 41. Nf3 a5 42. g4 a4 43. h5 gxh5 44. gxh5 b4 45. Nd2 Bd4 46. h6 f5 47.
h7 f4 48. Ke2 Bg7 49. Kd3 Bh8 50. Nc4 b3 51. axb3 axb3 52. Nd2 b2 53. Nb1 Ke5
54. Na3 Kf5 55. Nb1 Kg4 56. Ke2 Kg3 57. Kf1 Bf6 58. Na3 1/2-1/2

[Event "IX Festival A"]
[Site "Campobasso ITA"]
[Date "2002.07.12"]
[Round "2"]
[White "Ljubisavljevic, Zivojin Z."]
[Black "Stromboli, Carlo"]
[Result "1-0"]
[WhiteElo "2275"]
[BlackElo "1846"]
[PlyCount "75"]
[EventDate "2002.07.12"]

1. b3 e5 2. Bb2 Nc6 3. e3 d6 4. Bb5 Bd7 5. Nf3 f5 6. d4 e4 7. Ng1 Nf6 8. d5 Ne5
9. Bxd7+ Nexd7 10. Ne2 Be7 11. Nf4 Nf8 12. Nc3 Qd7 13. h4 c6 14. Qd2 cxd5 15.
Ncxd5 Nxd5 16. Qxd5 Bf6 17. Bxf6 gxf6 18. O-O-O Ke7 19. Qd4 Qd8 20. g4 Ng6 21.
gxf5 Ne5 22. Qxe4 Qd7 23. Nd5+ Kf7 24. f4 Rhe8 25. fxe5 Rxe5 26. Qg4 Rc8 27.
Qh5+ Kg7 28. Rhg1+ Kh8 29. Nxf6 Qc7 30. Rg2 Rc5 31. c4 b5 32. Rdg1 Rxc4+ 33.
bxc4 Qxc4+ 34. Kb1 Qd3+ 35. Ka1 Qc3+ 36. Rb2 Qxf6 37. Qg5 Qe5 38. f6 1-0

[Event "IX Festival A"]
[Site "Campobasso ITA"]
[Date "2002.07.12"]
[Round "2"]
[White "Piro, Valerio"]
[Black "Rossi, Aldo A."]
[Result "1-0"]
[WhiteElo "1705"]
[BlackElo "1713"]
[PlyCount "91"]
[EventDate "2002.07.12"]

1. c4 Nc6 2. d4 Nf6 3. Nc3 e5 4. d5 Ne7 5. e4 Ng6 6. Be3 Bb4 7. f3 Bxc3+ 8.
bxc3 d6 9. c5 O-O 10. Qd2 Nd7 11. cxd6 cxd6 12. Bd3 Ne7 13. Ne2 b6 14. O-O Nc5
15. Bxc5 bxc5 16. Rfb1 Qc7 17. c4 f5 18. Rb3 f4 19. Rab1 Rf6 20. Nc3 Rg6 21.
Kf2 Rh6 22. h3 Ng6 23. Qb2 Qe7 24. Rb8 Rxb8 25. Qxb8 Qh4+ 26. Kf1 Ne7 27. Rb7
Rg6 28. Rxe7 Qxe7 29. Qxc8+ Kf7 30. Nb5 a5 31. Bc2 h6 32. Ba4 Rf6 33. Qa8 g5
34. Qxa5 h5 35. Qc7 Qxc7 36. Nxc7 Ke7 37. Bb5 g4 38. hxg4 hxg4 39. a4 g3 40.
Ne6 Rh6 41. Kg1 Rh8 42. a5 Ra8 43. a6 Rh8 44. Bc6 Rb8 45. Bb7 Kd7 46. Kf1 1-0